|
|
|
|
| LEADER |
00000naa2a2200000 4500 |
| 001 |
384671 |
| 005 |
20231101063255.0 |
| 035 |
|
|
|a (RuTPU)RU\TPU\prd\11619
|
| 090 |
|
|
|a 384671
|
| 100 |
|
|
|a 20030317a2002 k y0rusy50 ca
|
| 101 |
0 |
|
|a rus
|
| 102 |
|
|
|a RU
|
| 200 |
1 |
|
|a О введении новых Санитарно-эпидемиологических правил и нормативов СанПиН 2.1.4.1074-01 "Питьевая вода. Гигиенические требования к качеству воды централизованных систем питьевого водоснабжения. Контроль качества"
|
| 225 |
1 |
|
|a Стандартизация
|
| 461 |
|
1 |
|0 (RuTPU)RU\TPU\prd\1137
|t Безопасность жизнедеятельности
|o научно-практический и учебно-методический журнал
|d 2001-
|
| 463 |
|
1 |
|0 (RuTPU)RU\TPU\prd\6248
|t № 6
|v С. 45
|d 2002
|
| 610 |
1 |
|
|a стандарты
|
| 610 |
1 |
|
|a питьевая вода
|
| 801 |
|
1 |
|a RU
|b 63413507
|c 20030317
|g PSBO
|
| 942 |
|
|
|c BK
|